Towards a three-sector structuralist framework: The INDIAN case (Record no. 533147)

000 -LEADER
fixed length control field 01194nam a22001337a 4500
008 - FIXED-LENGTH DATA ELEMENTS--GENERAL INFORMATION
fixed length control field 260427b ||||| |||| 00| 0 eng d
100 ## - MAIN ENTRY--PERSONAL NAME
Personal name Azad, Rohit and Sinha, Dipa
245 ## - TITLE STATEMENT
Title Towards a three-sector structuralist framework: The INDIAN case
260 ## - PUBLICATION, DISTRIBUTION, ETC. (IMPRINT)
Place of publication, distribution, etc Economic & Political Weekly
300 ## - PHYSICAL DESCRIPTION
Extent 61(7), Feb 14, 2026: p.42-51
520 ## - SUMMARY, ETC.
Summary, etc While the Indian economy sustained average gross domestic product growth rates of above 6% since the 1990s, this period has also seen an unprecedented rise in income and wealth inequalities. Moreover, this transformation has been more significant in the case of output rather than formal employment. To theoretically understand this divergence between output and formal employment, this paper argues that a different framework than the usual three-sector classification—agriculture, industry, and services—may be required. A structuralist framework is developed with three sectors—agriculture, unorganised, and organised—to study this transformation. –Reproduced

https://www.epw.in/journal/2026/7/special-articles/towards-three-sector-structuralist-framework.html
773 ## - HOST ITEM ENTRY
Main entry heading Economic & Political Weekly
942 ## - ADDED ENTRY ELEMENTS (KOHA)
Item type Articles
Holdings
Withdrawn status Lost status Source of classification or shelving scheme Damaged status Not for loan Permanent location Current location Date acquired Serial Enumeration / chronology Barcode Date last seen Koha item type
          Indian Institute of Public Administration Indian Institute of Public Administration 2026-04-27 61(7), Feb 14, 2026: p.42-51 AR138657 2026-04-27 Articles

Powered by Koha